000 00530nam a2200181Ia 4500
005 20250326141718.0
008 250326s9999 xx 000 0 und d
037 _aTextbook
040 _aFMSL
_beng
_cFMSL
041 _aeng
_2eng
084 _aX:89A L8
_qFMSL
100 _aUnited Nations
245 0 _aManual for the preparation of industrial teasibility studies
_cUnited Nations
260 _aNew York
_bNew York, United Nations
_c1978
300 _a267p
942 _cTB
_hX:89A L8
999 _c1291607
_d1291607